000 01259cam a22002174a 4500
005 20250605164155.0
008 250528s ||||||||||||||||||||||||d
035 _a19555
020 _a9600209480
040 _aGR-AtMCL
_bgre
_dGR-AtMCL
_eAACR2
245 1 _aΗ ΜΙΚΡΗ ΧΡΗΜΑΤΟΟΙΚΟΝΟΜΙΚΗ ΛΟΓΙΣΤΙΚΗ
250 _a1
260 _bΠαπαζήση,
_c1992
300 _a333
505 0 _aΓΕΝΙΚΗ ΕΙΣΑΓΩΓΗ ΣΤΟΝ ΚΟΣΜΟ ΤΩΝ ΕΠΙΧΕΙΡΗΣΕΩΝ ΒΑΣΙΚΗ ΛΟΓΙΣΤΙΚΗ ΟΡΟΛΟΓΙΑ ΓΕΝΙΚΗ ΕΙΣΑΓΩΓΗ ΣΤΗ ΛΟΓΙΣΤΙΚΗ ΑΠΟΓΡΑΦΗ ΙΣΟΛΟΓΙΣΜΟΣ ΚΥΚΛΟΦΟΡΙΑ ΤΗΣ ΠΕΡΙΟΥΣΙΑΣ ΔΥΝΑΜΙΚΗ ΛΟΓΙΣΤΙΚΗ ΒΑΣΙΚΕΣ ΛΟΓΙΣΤΙΚΕΣ ΑΡΧΕΣ
520 _aΓΕΝΙΚΗ ΕΙΣΑΓΩΓΗ ΣΤΟΝ ΚΟΣΜΟ ΤΩΝ ΕΠΙΧΕΙΡΗΣΕΩΝ ΒΑΣΙΚΗ ΛΟΓΙΣΤΙΚΗ ΟΡΟΛΟΓΙΑ ΓΕΝΙΚΗ ΕΙΣΑΓΩΓΗ ΣΤΗ ΛΟΓΙΣΤΙΚΗ ΑΠΟΓΡΑΦΗ ΙΣΟΛΟΓΙΣΜΟΣ ΚΥΚΛΟΦΟΡΙΑ ΤΗΣ ΠΕΡΙΟΥΣΙΑΣ ΔΥΝΑΜΙΚΗ ΛΟΓΙΣΤΙΚΗ ΒΑΣΙΚΕΣ ΛΟΓΙΣΤΙΚΕΣ ΑΡΧΕΣ
700 1 _aΝτομαλη Γιαννη
_95277
942 _cBK
999 _c4811
_d4811